000 00542nam a2200205Ia 4500
999 _c12651
_d12651
003 0100
005 20170504085002.0
008 130303s9999 xx 000 0 und d
020 _a636002217
040 _cARRUPELIB
050 _aDT971.82.M37A341983
100 _aMatsebula, J.S.M
_930417
245 4 _aThe king's eye
260 _bMaskew Miller Longman
_aCape Town
_c1983
300 _avii
300 _b 181 p. ill. 22 cm
650 _aSwaziland
_xPolitics and government
_y1968
_930418
700 _aJ.S.M. Matsebula
_930419
942 _2lcc
_cMONOGRAPH